|
|
|
|
| LEADER |
00000nab a2200000 4500 |
| 001 |
vtls012250212 |
| 003 |
SK-MaSNL |
| 005 |
20260304171059.0 |
| 008 |
240213c2019 xo zr|p || ||00 c0ukr |
| 015 |
|
|
|a SNBRB2024/02
|
| 038 |
|
|
|a SVKPOCL
|
| 040 |
|
|
|a SVKPOCL
|b slo
|c SVKPOCL
|e rda
|
| 041 |
0 |
|
|a ukr
|
| 044 |
|
|
|a xo
|c SK
|
| 072 |
|
7 |
|a 794
|x Doskové a stolové hry, logické hry, hry zručnosti, krížovky
|2 konspekt
|
| 072 |
|
7 |
|a 821.161
|x Východoslovanské literatúry
|2 konspekt
|
| 080 |
|
|
|a 793.7-053.2
|2 2011
|
| 080 |
|
|
|a 316.346.32-053.2
|2 2011
|
| 080 |
|
|
|a 37.016:81-028.31
|2 2011
|
| 080 |
|
|
|a 37.016:159.931/.936
|2 2011
|
| 080 |
|
|
|a 821.161.25(437.6)-1-053.2
|2 2011
|
| 080 |
|
|
|a 821.161.25(437.6)-93
|2 2011
|
| 100 |
1 |
|
|a Charitun, Juraj,
|d 1948-2024
|4 aut
|9 159219
|
| 245 |
1 |
0 |
|a Treba bukvy dopysaty zerkalovo i motŷl' može l'itaty
|c Jurko Charytun
|
| 336 |
|
|
|a text
|b txt
|2 rdacontent
|
| 337 |
|
|
|a bez média
|b n
|2 rdamedia
|
| 338 |
|
|
|a zväzok
|b nc
|2 rdacarrier
|
| 500 |
|
|
|a V rubrike Djit'skŷ hrŷ z Jurkom Charytunom
|
| 650 |
0 |
7 |
|a hry
|2 SNKPH
|9 1856
|
| 650 |
0 |
7 |
|a didaktické hry
|2 SNKPH
|9 63297
|
| 650 |
0 |
7 |
|a hry pre deti
|2 svkpocl
|9 629849
|
| 650 |
0 |
7 |
|a tvorivé hry
|2 SNKPH
|9 67670
|
| 650 |
0 |
7 |
|a literatúra pre deti
|2 SNKPH
|9 55721
|
| 650 |
0 |
7 |
|a poézia pre deti
|2 SNKPH
|9 31212
|
| 650 |
0 |
7 |
|a tvorenie slov (didaktika)
|2 svkpocl
|9 1278670
|
| 773 |
0 |
|
|t Kolŷsočka
|g Roč. III, č. 2 (2019), s. 10
|x 2585-7045
|
| 852 |
|
|
|a SVKPO
|b KIS3GCP
|
| 958 |
|
|
|a RN
|
| 958 |
|
|
|a SS
|
| 958 |
|
|
|a LX
|
| 958 |
|
|
|a DB
|
| 958 |
|
|
|a NM
|
| 999 |
|
|
|c 2991439
|d 2993369
|